Govt. of
Madhya Pradesh

All India Engineering Entrance exam AIEEE (Record no. 32556)

MARC details
000 -LEADER
fixed length control field 003380000a22001450004500
003 - CONTROL NUMBER IDENTIFIER
control field MACL
040 ## - CATALOGING SOURCE
Original cataloging agency MACL
090 ## - LOCALLY ASSIGNED LC-TYPE CALL NUMBER (OCLC); LOCAL CALL NUMBER (RLIN)
-- 32893
-- 32891
100 ## - MAIN ENTRY--PERSONAL NAME
Personal name Malhotra, Dr A M
245 ## - TITLE STATEMENT
Title All India Engineering Entrance exam AIEEE
260 ## - PUBLICATION, DISTRIBUTION, ETC. (IMPRINT)
Name of publisher, distributor, etc. Bright Careers Institute
Date of publication, distribution, etc. 2003
350 ## - PRICE (NR) (BK AM CF MU VM SE) [OBSOLETE]
Price 325
650 ## - SUBJECT ADDED ENTRY--TOPICAL TERM
Topical term or geographic name as entry element Engineering
942 ## - ADDED ENTRY ELEMENTS (KOHA)
Koha item type Library Membar
Call number prefix 620/MAL
Holdings
Withdrawn status Lost status Damaged status Not for loan Home library Current library Date acquired Total Checkouts Full call number Barcode Date last seen Uniform Resource Identifier Price effective from Koha item type
        MACL MACL 15/04/2015   620/MAL BOOK CLC4151 29/04/2015 32613 15/04/2015 Books